000 00483nam a22001817a 4500
005 20240902123456.0
008 240831b |||||||| |||| 00| 0 eng d
020 _a978-1-803-23291-1
041 _aeng
082 _a006.31KAP
100 _aKAPOOR, AMITA GULLI, ANTONIO AND PAL, SUJIT
_98484
245 _aDEEP LEARNING WITH TENSOR FLOW AND KERAS
250 _a3RD ED.
260 _aMUMBAI
_bPACKT BIRMINGHAM
_c20220
300 _a667;P
650 _aCS & IT
942 _cBK
999 _c8613
_d8611